000 00572nam a2200181Ia 4500
003 GCL
008 140319s9999 xx 000 0 ara d
040 _aGCL /
_cGCL
082 0 4 _a813.01
_bع م
100 1 _aعزالدين نجيب
245 1 0 _aالمثلث الفيروزى: مجموعة قصص قصيرة /
_cعزالدين نجيب
700 1 _aيحيى حقى
300 _a147 ص
490 _aالهيئة العامة للاستعلامات
_v0
650 0 4 _aالادب العربى
650 0 4 _aالقصص العربية القصيرة
942 _2ddc
_cBK
999 _c47416
_d47416